Athenian politics c. 800-500 b.c. : a sourcebook /
Guardado en:
| Autor Principal: | |
|---|---|
| Formato: | Libro |
| Publicado: |
London :
Routledge,
1990
|
| Materias: | |
| Etiquetas: |
Agregar Etiqueta
Sin Etiquetas, Sea el primero en etiquetar este registro!
|
| LEADER | 00474nam a22001575a 4500 | ||
|---|---|---|---|
| 001 | EHU.bham014179 | ||
| 003 | AR-BHAM | ||
| 005 | 20100308151656.0 | ||
| 008 | 130507s1990##################000#0#####d | ||
| 082 | 9 | 3 | |a 938.5 |
| 100 | 1 | |a Stanton, G. R. | |
| 245 | 1 | 0 | |a Athenian politics c. 800-500 b.c. : |b a sourcebook / |c G. R. Stanton |
| 260 | |a London : |b Routledge, |c 1990 | ||
| 300 | |a 226p. | ||
| 653 | |a Historia antigua-grecia | ||
| 859 | |a AR-BHAM |b BIB. HUMANIDADES - General |h 938.5 |i St24 |p 45.93 |t Ej.1 | ||
